[Event "Open A"]
[Site "Polanica-Zdroj"]
[Date "2017.08.26"]
[Round "8.5"]
[White "Bilczewski, Kacper"]
[Black "Kowalczyk, Rafal"]
[Result "1-0"]
[BlackElo "2222"]
[WhiteElo "2191"]
[LiveChessVersion "1.4.8"]

1. e4 {[%clk 1:30:59]} e5 {[%clk 1:27:39]} 2. Nf3 {[%clk 1:31:27]} Nc6
{[%clk 1:27:28]} 3. Bc4 {[%clk 1:30:16]} Bc5 {[%clk 1:27:44]} 4. c3
{[%clk 1:30:40]} Nf6 {[%clk 1:28:07]} 5. d3 {[%clk 1:31:04]} d6 {[%clk 1:28:27]}
6. O-O {[%clk 1:31:29]} a6 {[%clk 1:28:50]} 7. a4 {[%clk 1:31:03]} Ba7
{[%clk 1:29:13]} 8. b4 {[%clk 1:30:38]} O-O {[%clk 1:27:43]} 9. Qb3
{[%clk 1:29:43]} Ne7 {[%clk 1:21:14]} 10. Bg5 {[%clk 1:20:47]} Ng6
{[%clk 1:21:00]} 11. Nh4 {[%clk 1:21:09]} Nf4 {[%clk 1:17:18]} 12. Bxf4
{[%clk 1:18:18]} exf4 {[%clk 1:17:41]} 13. Nf3 {[%clk 1:18:43]} b5
{[%clk 0:42:38]} 14. Bd5 {[%clk 1:17:03]} Nxd5 {[%clk 0:42:28]} 15. Qxd5
{[%clk 1:15:20]} Be6 {[%clk 0:42:14]} 16. Qh5 {[%clk 1:15:04]} h6
{[%clk 0:39:39]} 17. axb5 {[%clk 1:14:39]} axb5 {[%clk 0:40:02]} 18. Nbd2
{[%clk 1:15:05]} c5 {[%clk 0:37:20]} 19. bxc5 {[%clk 1:02:16]} dxc5
{[%clk 0:36:07]} 20. d4 {[%clk 1:02:42]} b4 {[%clk 0:07:40]} 21. d5
{[%clk 0:56:13]} bxc3 {[%clk 0:08:04]} 22. Nc4 {[%clk 0:56:02]} Bd7
{[%clk 0:07:04]} 23. Rfc1 {[%clk 0:53:04]} Bb6 {[%clk 0:02:54]} 24. Rxa8
{[%clk 0:41:12]} Qxa8 {[%clk 0:03:18]} 25. Nfe5 {[%clk 0:41:40]} Bb5
{[%clk 0:00:34]} 26. Nxb6 {[%clk 0:41:53]} Qa3 {[%clk 0:00:32]} 27. Qd1
{[%clk 0:41:57]} Rb8 {[%clk 0:00:42]} 28. Nbc4 {[%clk 0:41:30]} Qb4
{[%clk 0:00:34]} 29. Rb1 {[%clk 0:38:35]} Ba4 {[%clk 0:00:36]} 30. Rxb4
{[%clk 0:38:52]} Rxb4 {[%clk 0:01:02]} 31. Qc1 {[%clk 0:38:37]} f6
{[%clk 0:01:26]} 32. Na3 {[%clk 0:38:13]} Rd4 {[%clk 0:01:47]} 33. Kf1
{[%clk 0:35:56]} Rd1+ {[%clk 0:01:02]} 34. Qxd1 {[%clk 0:36:22]} Bxd1
{[%clk 0:01:29]} 35. Ke1 {[%clk 0:36:02]} c2 {[%clk 0:00:34]} 36. Nd3
{[%clk 0:36:28]} Kf7 {[%clk 0:00:31]} 37. Kd2 {[%clk 0:36:52]} f3
{[%clk 0:00:32]} 38. g3 {[%clk 0:37:13]} Ke7 {[%clk 0:00:48]} 39. Nxc2
{[%clk 0:37:15]} Be2 {[%clk 0:01:11]} 40. Nxc5 {[%clk 1:07:37]} Kd6
{[%clk 0:31:36]} 41. Nd3 {[%clk 1:07:37]} Bf1 {[%clk 0:31:12]} 42. Nd4
{[%clk 1:08:02]} Kxd5 1-0

[Event "Open A"]
[Site "Polanica-Zdroj"]
[Date "2017.08.26"]
[Round "8.6"]
[White "Faron, Rafal"]
[Black "Lapaj, Mateusz"]
[Result "0-1"]
[BlackElo "2093"]
[WhiteElo "2106"]
[LiveChessVersion "1.4.8"]

1. c4 {[%clk 1:30:56]} Nf6 {[%clk 1:26:35]} 2. g3 {[%clk 1:31:18]} g6
{[%clk 1:26:51]} 3. Bg2 {[%clk 1:31:43]} Bg7 {[%clk 1:27:17]} 4. Nc3
{[%clk 1:32:03]} d6 {[%clk 1:27:43]} 5. d3 {[%clk 1:32:25]} O-O {[%clk 1:28:05]}
6. Rb1 {[%clk 1:32:51]} a5 {[%clk 1:14:12]} 7. a3 {[%clk 1:33:09]} Nc6
{[%clk 1:11:18]} 8. b4 {[%clk 1:32:44]} axb4 {[%clk 1:11:44]} 9. axb4
{[%clk 1:33:11]} e5 {[%clk 1:09:40]} 10. b5 {[%clk 1:33:19]} Nd4 {[%clk 1:00:20]}
11. e3 {[%clk 1:31:33]} Ne6 {[%clk 1:00:44]} 12. Nge2 {[%clk 1:30:11]} Re8
{[%clk 1:00:01]} 13. O-O {[%clk 1:30:26]} Nc5 {[%clk 0:59:24]} 14. e4
{[%clk 1:21:49]} Bg4 {[%clk 0:54:37]} 15. f3 {[%clk 1:16:51]} Be6
{[%clk 0:51:35]} 16. h3 {[%clk 1:15:51]} Nfd7 {[%clk 0:43:41]} 17. Be3
{[%clk 1:06:27]} f5 {[%clk 0:42:46]} 18. Bf2 {[%clk 1:02:39]} fxe4
{[%clk 0:41:18]} 19. fxe4 {[%clk 1:02:46]} Bh6 {[%clk 0:34:27]} 20. Qc2
{[%clk 0:53:33]} Qg5 {[%clk 0:30:31]} 21. Rfd1 {[%clk 0:50:55]} Rf8
{[%clk 0:31:00]} 22. Nc1 {[%clk 0:50:25]} Ra3 {[%clk 0:29:25]} 23. N1a2
{[%clk 0:44:43]} Nf6 {[%clk 0:26:04]} 24. Qe2 {[%clk 0:40:44]} Nh5
{[%clk 0:16:06]} 25. Kh2 {[%clk 0:40:48]} Nb3 {[%clk 0:11:17]} 26. h4
{[%clk 0:30:25]} Qg4 {[%clk 0:10:43]} 27. Qxg4 {[%clk 0:30:37]} Bxg4
{[%clk 0:11:07]} 28. Rf1 {[%clk 0:31:02]} Nd2 {[%clk 0:11:31]} 0-1

[Event "Open A"]
[Site "Polanica-Zdroj"]
[Date "2017.08.26"]
[Round "8.7"]
[White "Dryja, Szymon"]
[Black "Zielinski, Wojciech"]
[Result "0-1"]
[BlackElo "2105"]
[WhiteElo "1824"]
[LiveChessVersion "1.4.8"]

1. e4 {[%clk 1:30:57]} d5 {[%clk 1:30:54]} 2. exd5 {[%clk 1:30:17]} Nf6
{[%clk 1:31:18]} 3. Bb5+ {[%clk 1:23:14]} Bd7 {[%clk 1:31:02]} 4. Bc4
{[%clk 1:23:41]} Bf5 {[%clk 1:23:56]} 5. Nc3 {[%clk 1:22:51]} Nbd7
{[%clk 1:23:58]} 6. Bb3 {[%clk 1:14:29]} Nb6 {[%clk 1:20:55]} 7. Qf3
{[%clk 1:14:50]} Qd7 {[%clk 1:20:48]} 8. Nge2 {[%clk 1:08:59]} Bg4
{[%clk 1:17:54]} 9. Qd3 {[%clk 1:07:26]} Bxe2 {[%clk 1:17:23]} 10. Qxe2
{[%clk 1:07:32]} Nbxd5 {[%clk 1:16:09]} 11. Nxd5 {[%clk 1:07:46]} Nxd5
{[%clk 1:16:34]} 12. d4 {[%clk 1:07:49]} O-O-O {[%clk 1:13:29]} 13. O-O
{[%clk 1:08:12]} h5 {[%clk 1:10:12]} 14. c4 {[%clk 1:08:33]} Nf6 {[%clk 1:10:31]}
15. Rd1 {[%clk 1:08:36]} h4 {[%clk 1:07:44]} 16. h3 {[%clk 1:08:29]} g5
{[%clk 0:51:26]} 17. Bxg5 {[%clk 1:05:51]} Rg8 {[%clk 0:46:59]} 18. Qe3
{[%clk 1:06:16]} Ng4 {[%clk 0:41:53]} 19. hxg4 {[%clk 1:05:46]} Qxg4
{[%clk 0:42:17]} 20. f4 {[%clk 1:05:38]} Bh6 {[%clk 0:35:59]} 21. Rd2
{[%clk 1:05:24]} Bxg5 {[%clk 0:33:38]} 22. fxg5 {[%clk 1:05:49]} Rxg5
{[%clk 0:34:04]} 23. c5 {[%clk 1:05:56]} e6 {[%clk 0:30:22]} 24. Rf1
{[%clk 1:04:07]} h3 {[%clk 0:23:11]} 25. Rxf7 {[%clk 1:04:28]} e5
{[%clk 0:22:59]} 26. Re7 {[%clk 1:03:36]} Qh4 {[%clk 0:21:27]} 27. Be6+
{[%clk 1:03:14]} Kb8 {[%clk 0:21:53]} 28. Bxh3 {[%clk 1:00:17]} exd4
{[%clk 0:16:45]} 29. Rxd4 {[%clk 0:59:53]} Rxg2+ {[%clk 0:15:34]} 30. Bxg2
{[%clk 1:00:18]} Rxd4 {[%clk 0:15:56]} 31. Qxd4 {[%clk 1:00:36]} Qxd4+
{[%clk 0:16:15]} 32. Kh1 {[%clk 1:00:39]} Qh4+ {[%clk 0:16:37]} 0-1

[Event "Open A"]
[Site "Polanica-Zdroj"]
[Date "2017.08.26"]
[Round "8.8"]
[White "Rogacewicz, Mikolaj"]
[Black "Bielinski, Dariusz"]
[Result "1/2-1/2"]
[BlackElo "2073"]
[WhiteElo "1793"]
[LiveChessVersion "1.4.8"]

1. d4 {[%clk 1:30:57]} d6 {[%clk 1:27:40]} 2. c4 {[%clk 1:31:01]} e5
{[%clk 1:28:02]} 3. e3 {[%clk 1:31:01]} Nd7 {[%clk 1:27:33]} 4. Nc3
{[%clk 1:29:33]} g6 {[%clk 1:27:53]} 5. g3 {[%clk 1:24:59]} Bg7 {[%clk 1:28:09]}
6. Bg2 {[%clk 1:24:53]} f5 {[%clk 1:27:29]} 7. Nge2 {[%clk 1:23:08]} a5
{[%clk 1:12:06]} 8. O-O {[%clk 1:19:05]} Ngf6 {[%clk 1:03:31]} 9. e4
{[%clk 1:12:59]} Nxe4 {[%clk 0:57:45]} 10. Nxe4 {[%clk 1:07:49]} fxe4
{[%clk 0:58:08]} 11. dxe5 {[%clk 1:06:53]} Nxe5 {[%clk 0:55:41]} 12. Bxe4
{[%clk 1:02:54]} O-O {[%clk 0:54:00]} 13. f4 {[%clk 1:01:21]} Nc6
{[%clk 0:44:49]} 14. Qd3 {[%clk 0:49:20]} Bh3 {[%clk 0:35:26]} 15. Re1
{[%clk 0:40:38]} Rb8 {[%clk 0:28:58]} 16. a3 {[%clk 0:29:09]} Qf6
{[%clk 0:19:20]} 17. Rb1 {[%clk 0:28:14]} a4 {[%clk 0:14:20]} 18. Bd2
{[%clk 0:27:38]} Ne7 {[%clk 0:06:20]} 19. Nc3 {[%clk 0:25:24]} Qd4+
{[%clk 0:03:24]} 20. Kh1 {[%clk 0:23:55]} Qxd3 {[%clk 0:02:24]} 21. Bxd3
{[%clk 0:24:17]} Bxc3 {[%clk 0:01:34]} 22. Bxc3 {[%clk 0:24:31]} Rf7
{[%clk 0:01:08]} 23. Re3 {[%clk 0:21:23]} Bf5 {[%clk 0:01:16]} 24. Rbe1
{[%clk 0:19:54]} Bxd3 {[%clk 0:01:45]} 25. Rxe7 {[%clk 0:19:31]} Bxc4
{[%clk 0:01:47]} 26. Re8+ {[%clk 0:19:45]} Rf8 {[%clk 0:00:48]} 27. R8e7
{[%clk 0:18:49]} Rf7 {[%clk 0:01:11]} 28. Re8+ {[%clk 0:19:01]} Rxe8
{[%clk 0:01:20]} 29. Rxe8+ {[%clk 0:19:23]} Rf8 {[%clk 0:01:49]} 30. Re7
{[%clk 0:19:42]} Rf7 {[%clk 0:01:05]} 31. Re8+ {[%clk 0:20:00]} Rf8
{[%clk 0:01:32]} 32. Re7 {[%clk 0:20:21]} Rc8 33. Rg7+ Kf8 34. Rxh7 c5 35. Bg7+
Kf7 36. Bc3+ Kg8 37. Re7 1/2-1/2

[Event "Open A"]
[Site "Polanica-Zdroj"]
[Date "2017.08.26"]
[Round "8.9"]
[White "Mazalon, Mariusz"]
[Black "Voloshin, Leonid"]
[Result "1/2-1/2"]
[BlackElo "2369"]
[WhiteElo "2000"]
[LiveChessVersion "1.4.8"]

1. d4 {[%clk 1:26:39]} Nf6 {[%clk 1:30:59]} 2. c4 {[%clk 1:26:48]} e6
{[%clk 1:31:22]} 3. Nc3 {[%clk 1:26:39]} d5 {[%clk 1:29:36]} 4. Nf3
{[%clk 1:25:56]} dxc4 {[%clk 1:28:34]} 5. e3 {[%clk 1:25:15]} c5 {[%clk 1:28:34]}
6. Bxc4 {[%clk 1:25:38]} a6 {[%clk 1:28:58]} 7. a4 {[%clk 1:20:03]} Nc6
{[%clk 1:27:56]} 8. O-O {[%clk 1:20:16]} Be7 {[%clk 1:27:40]} 9. Qe2
{[%clk 1:20:29]} cxd4 {[%clk 1:26:31]} 10. Rd1 {[%clk 1:20:42]} O-O
{[%clk 1:26:50]} 11. exd4 {[%clk 1:20:55]} Nd5 {[%clk 1:19:57]} 12. Ne4
{[%clk 1:07:49]} Na5 {[%clk 1:08:07]} 13. Ba2 {[%clk 0:48:23]} Bd7
{[%clk 1:01:03]} 14. Nc5 {[%clk 0:44:00]} Be8 {[%clk 0:48:51]} 15. Bd2
{[%clk 0:29:38]} Nc6 {[%clk 0:14:22]} 16. Nxb7 {[%clk 0:23:03]} Qb6
{[%clk 0:14:27]} 17. Nc5 {[%clk 0:23:13]} Nxd4 {[%clk 0:13:01]} 18. Nxd4
{[%clk 0:22:56]} Qxc5 {[%clk 0:11:40]} 19. Qe4 {[%clk 0:14:22]} Rd8
{[%clk 0:10:59]} 20. Nb3 {[%clk 0:08:47]} Qd6 {[%clk 0:07:48]} 21. Na5
{[%clk 0:04:18]} Qb8 {[%clk 0:04:54]} 22. b3 {[%clk 0:03:28]} Nf6
{[%clk 0:03:18]} 23. Qf3 {[%clk 0:03:41]} Qa8 {[%clk 0:02:24]} 24. Qxa8 Rxa8 25.
Rac1 {[%clk 0:03:30]} Nd5 {[%clk 0:03:03]} 26. Bb1 {[%clk 0:03:37]} Rd8
{[%clk 0:01:17]} 27. Bd3 {[%clk 0:03:19]} Ba3 {[%clk 0:01:04]} 28. Rb1
{[%clk 0:02:43]} Bb4 {[%clk 0:01:04]} 29. Bc4 {[%clk 0:01:44]} Nc3
{[%clk 0:00:52]} 30. Bxc3 {[%clk 0:02:06]} Rxd1+ {[%clk 0:01:16]} 31. Rxd1
{[%clk 0:02:30]} Bxc3 32. Nb7 a5 33. Rd8 Bc6 34. Rxf8+ Kxf8 35. Nc5 Ke7
{[%clk 0:00:05]} 36. Kf1 1/2-1/2

[Event "Open A"]
[Site "Polanica-Zdroj"]
[Date "2017.08.26"]
[Round "8.10"]
[White "Goluch, Piotr"]
[Black "Luba, Lukasz"]
[Result "0-1"]
[BlackElo "2097"]
[WhiteElo "2360"]
[LiveChessVersion "1.4.8"]

1. d4 {[%clk 1:30:45]} d5 {[%clk 1:30:33]} 2. c4 {[%clk 1:31:09]} c6
{[%clk 1:30:59]} 3. Nf3 {[%clk 1:31:32]} b5 {[%clk 1:29:58]} 4. cxd5
{[%clk 1:29:26]} cxd5 {[%clk 1:29:44]} 5. Nc3 {[%clk 1:25:04]} a6
{[%clk 1:29:52]} 6. Qb3 {[%clk 1:25:17]} e6 {[%clk 1:28:21]} 7. Bf4
{[%clk 1:24:20]} Nc6 {[%clk 1:26:07]} 8. Rc1 {[%clk 1:24:27]} Bd7
{[%clk 1:24:26]} 9. e4 {[%clk 1:22:13]} b4 {[%clk 1:22:52]} 10. Na4
{[%clk 1:20:37]} dxe4 {[%clk 1:22:26]} 11. Ne5 {[%clk 1:21:04]} Nxe5
{[%clk 1:09:02]} 12. Bxe5 {[%clk 1:21:28]} Rc8 {[%clk 1:09:16]} 13. Nc5
{[%clk 1:14:41]} Bxc5 {[%clk 1:06:21]} 14. Bxa6 {[%clk 1:11:34]} Bf8
{[%clk 0:49:05]} 15. Bxc8 {[%clk 1:11:00]} Bxc8 {[%clk 0:49:32]} 16. O-O
{[%clk 1:10:31]} Nf6 {[%clk 0:46:25]} 17. Bxf6 {[%clk 1:01:09]} gxf6
{[%clk 0:46:41]} 18. d5 {[%clk 1:01:37]} exd5 {[%clk 0:42:39]} 19. Qa4+
{[%clk 0:59:31]} Bd7 {[%clk 0:42:52]} 20. Qa6 {[%clk 0:59:49]} Be7
{[%clk 0:39:52]} 21. Rfd1 {[%clk 0:59:47]} Be6 {[%clk 0:39:58]} 22. Qa4+
{[%clk 0:54:23]} Kf8 {[%clk 0:39:43]} 23. a3 {[%clk 0:54:48]} Qb8
{[%clk 0:35:44]} 24. Qc6 {[%clk 0:52:39]} Rg8 {[%clk 0:29:49]} 25. a4
{[%clk 0:51:33]} Qf4 {[%clk 0:29:39]} 26. Qb7 {[%clk 0:51:26]} Rxg2+
{[%clk 0:29:34]} 27. Kxg2 {[%clk 0:51:53]} Bh3+ {[%clk 0:29:57]} 28. Kxh3
{[%clk 0:52:15]} Qf3+ {[%clk 0:30:23]} 29. Kh4 {[%clk 0:52:42]} f5+
{[%clk 0:30:42]} 30. Qxe7+ {[%clk 0:53:07]} Kxe7 {[%clk 0:31:06]} 31. Rg1
{[%clk 0:52:36]} Qxf2+ {[%clk 0:31:31]} 32. Kh3 {[%clk 0:53:03]} Qe3+
{[%clk 0:31:56]} 33. Kh4 {[%clk 0:53:26]} Qh6+ {[%clk 0:31:57]} 34. Kg3
{[%clk 0:53:51]} f4+ {[%clk 0:32:21]} 35. Kg4 {[%clk 0:54:16]} Qxh2
{[%clk 0:31:28]} 36. a5 {[%clk 0:53:33]} Ke6 {[%clk 0:31:52]} 37. a6
{[%clk 0:53:06]} f6 {[%clk 0:32:09]} 38. Rc6+ {[%clk 0:53:01]} Ke5
{[%clk 0:32:36]} 39. a7 {[%clk 0:53:27]} h5# {[%clk 0:32:56]} 0-1

[Event "Open A"]
[Site "Polanica-Zdroj"]
[Date "2017.08.26"]
[Round "8.12"]
[White "Kukula, Pawel"]
[Black "Hiszczynski, Jakub"]
[Result "1-0"]
[BlackElo "2005"]
[WhiteElo "2224"]
[LiveChessVersion "1.4.8"]

1. d4 {[%clk 1:30:58]} Nf6 {[%clk 1:30:54]} 2. c4 e5 {[%clk 1:30:26]} 3. dxe5
{[%clk 1:31:37]} Ne4 {[%clk 1:30:54]} 4. a3 {[%clk 1:31:54]} b6 {[%clk 1:30:21]}
5. Qd5 {[%clk 1:29:49]} Bb7 {[%clk 1:30:19]} 6. Qxb7 {[%clk 1:29:17]} Nc6
{[%clk 1:30:44]} 7. b4 {[%clk 1:26:44]} a6 {[%clk 1:26:47]} 8. f3
{[%clk 1:20:45]} Ra7 {[%clk 1:14:51]} 9. Qxa7 {[%clk 1:21:35]} Nxa7
{[%clk 1:15:14]} 10. fxe4 {[%clk 1:22:00]} Qh4+ {[%clk 1:14:59]} 11. g3
{[%clk 1:21:33]} Qxe4 {[%clk 1:15:06]} 12. Nf3 {[%clk 1:21:58]} Qxc4
{[%clk 1:11:27]} 13. Nbd2 {[%clk 1:22:18]} Qc2 {[%clk 1:08:01]} 14. Bg2
{[%clk 1:22:14]} c5 {[%clk 1:03:08]} 15. O-O {[%clk 1:22:16]} cxb4
{[%clk 1:02:10]} 16. axb4 {[%clk 1:22:40]} Bxb4 {[%clk 1:02:34]} 17. Rxa6
{[%clk 1:22:47]} Bc5+ {[%clk 1:02:44]} 18. Kh1 {[%clk 1:23:08]} b5
{[%clk 1:03:08]} 19. Ng5 {[%clk 1:20:21]} Be3 {[%clk 0:36:02]} 20. Nde4
{[%clk 1:15:29]} Bxc1 {[%clk 0:34:06]} 21. Nd6+ {[%clk 1:14:01]} Kd8
{[%clk 0:23:03]} 22. Ngxf7+ {[%clk 1:13:46]} Kc7 {[%clk 0:22:13]} 23. Rxa7+
{[%clk 1:13:53]} 1-0

[Event "Open A"]
[Site "Polanica-Zdroj"]
[Date "2017.08.19"]
[Round "9.1"]
[White "Bilczewski, Kacper"]
[Black "Warakomski, Tomasz"]
[Result "0-1"]
[BlackElo "2536"]
[WhiteElo "2191"]
[LiveChessVersion "1.4.8"]

1. e4 {[%clk 1:30:59]} c6 {[%clk 1:30:47]} 2. Nc3 {[%clk 1:30:41]} d5
{[%clk 1:31:00]} 3. Qf3 {[%clk 1:30:53]} dxe4 {[%clk 1:19:29]} 4. Nxe4
{[%clk 1:31:17]} e6 {[%clk 1:14:31]} 5. c3 {[%clk 1:30:13]} c5 {[%clk 1:13:01]}
6. Bc4 {[%clk 1:28:04]} Nc6 {[%clk 1:12:35]} 7. Qg3 {[%clk 1:28:06]} Nh6
{[%clk 1:08:57]} 8. Qg5 {[%clk 1:21:43]} Qxg5 {[%clk 1:00:44]} 9. Nxg5
{[%clk 1:22:07]} Nf5 {[%clk 0:57:51]} 10. N1f3 {[%clk 1:17:07]} Nd6
{[%clk 0:57:56]} 11. Bd3 {[%clk 1:16:29]} f5 {[%clk 0:58:15]} 12. Nh3
{[%clk 1:07:10]} e5 {[%clk 0:56:32]} 13. Bc2 {[%clk 1:06:12]} c4 {[%clk 0:41:50]}
14. b3 {[%clk 1:00:06]} e4 {[%clk 0:40:36]} 15. Nfg1 {[%clk 0:59:38]} Ne5
{[%clk 0:39:51]} 16. Ne2 {[%clk 0:55:21]} Nd3+ {[%clk 0:39:47]} 17. Bxd3
{[%clk 0:55:44]} cxd3 {[%clk 0:39:52]} 18. Nd4 {[%clk 0:56:06]} Nf7
{[%clk 0:35:19]} 19. Nb5 {[%clk 0:50:04]} Kd8 {[%clk 0:33:33]} 20. Ba3
{[%clk 0:49:10]} Bxa3 {[%clk 0:32:57]} 21. Nxa3 {[%clk 0:49:34]} Bd7
{[%clk 0:32:38]} 22. Nc4 {[%clk 0:49:13]} g5 {[%clk 0:30:00]} 23. O-O-O
{[%clk 0:37:51]} b5 {[%clk 0:27:31]} 24. Na5 {[%clk 0:38:11]} f4 {[%clk 0:26:49]}
25. Kb2 {[%clk 0:25:17]} f3 {[%clk 0:23:50]} 26. Rhe1 {[%clk 0:25:39]} fxg2
{[%clk 0:24:02]} 27. Ng1 {[%clk 0:24:56]} Nd6 {[%clk 0:20:47]} 28. f3
{[%clk 0:24:47]} Rf8 {[%clk 0:19:47]} 29. Re3 {[%clk 0:24:34]} exf3
{[%clk 0:18:25]} 30. Nxf3 {[%clk 0:24:58]} Rxf3 {[%clk 0:16:52]} 31. Rxf3
{[%clk 0:25:13]} Bg4 {[%clk 0:17:18]} 32. Rf8+ {[%clk 0:19:54]} Kd7
{[%clk 0:15:48]} 33. Rg1 {[%clk 0:20:05]} Rxf8 {[%clk 0:16:11]} 34. Rxg2
{[%clk 0:20:30]} h5 {[%clk 0:16:24]} 35. h3 {[%clk 0:20:49]} Bxh3
{[%clk 0:16:05]} 0-1

[Event "Open A"]
[Site "Polanica-Zdroj"]
[Date "2017.08.19"]
[Round "9.2"]
[White "Lapaj, Mateusz"]
[Black "Shishkin, Vadim"]
[Result "0-1"]
[BlackElo "2454"]
[WhiteElo "2093"]
[LiveChessVersion "1.4.8"]

1. e4 {[%clk 1:30:57]} c5 {[%clk 1:30:55]} 2. Nf3 {[%clk 1:31:23]} Nc6
{[%clk 1:31:22]} 3. d4 {[%clk 1:31:48]} cxd4 {[%clk 1:31:49]} 4. Nxd4
{[%clk 1:32:13]} Nf6 {[%clk 1:32:13]} 5. Nc3 {[%clk 1:32:39]} d6 {[%clk 1:32:40]}
6. f3 {[%clk 1:32:45]} e5 {[%clk 1:32:41]} 7. Nb3 {[%clk 1:33:09]} Be7
{[%clk 1:32:26]} 8. Be3 {[%clk 1:33:35]} Be6 {[%clk 1:32:26]} 9. Nd5
{[%clk 1:32:42]} Bxd5 {[%clk 1:32:28]} 10. exd5 {[%clk 1:33:10]} Nb4
{[%clk 1:32:46]} 11. c4 {[%clk 1:33:02]} a5 {[%clk 1:33:04]} 12. a3
{[%clk 1:24:47]} Na6 {[%clk 1:33:22]} 13. Bd3 {[%clk 1:24:45]} Nd7
{[%clk 1:26:34]} 14. O-O {[%clk 1:21:47]} O-O {[%clk 1:22:55]} 15. Kh1
{[%clk 1:12:34]} a4 {[%clk 1:19:13]} 16. Nd2 {[%clk 1:10:42]} Nac5
{[%clk 1:19:38]} 17. Bc2 {[%clk 1:10:58]} Qa5 {[%clk 1:03:39]} 18. Ne4
{[%clk 1:03:13]} Rac8 {[%clk 0:43:46]} 19. Nxc5 {[%clk 0:58:57]} Nxc5
{[%clk 0:44:12]} 20. Rc1 {[%clk 0:58:43]} Qa6 {[%clk 0:37:54]} 21. Re1
{[%clk 0:17:43]} g6 {[%clk 0:24:51]} 22. Bxc5 {[%clk 0:11:44]} Rxc5
{[%clk 0:25:18]} 23. Bxa4 {[%clk 0:11:46]} Rxc4 {[%clk 0:25:30]} 24. Rxc4
{[%clk 0:12:02]} Qxc4 {[%clk 0:25:57]} 25. Qb3 {[%clk 0:11:37]} Qxb3
{[%clk 0:17:04]} 26. Bxb3 {[%clk 0:12:05]} Rc8 {[%clk 0:17:29]} 27. g3
{[%clk 0:11:20]} Bg5 {[%clk 0:15:02]} 28. Kg2 {[%clk 0:11:09]} Rc5
{[%clk 0:13:21]} 29. Re2 {[%clk 0:10:33]} Rc1 {[%clk 0:12:48]} 30. a4
{[%clk 0:06:55]} Kg7 {[%clk 0:12:49]} 31. Rc2 {[%clk 0:03:18]} Rb1
{[%clk 0:12:42]} 32. Kf2 {[%clk 0:01:58]} Bd8 {[%clk 0:12:23]} 33. Ke2
{[%clk 0:01:51]} Bb6 {[%clk 0:12:18]} 34. Ba2 {[%clk 0:01:56]} Rh1
{[%clk 0:12:04]} 35. Kd3 {[%clk 0:02:19]} Rf1 {[%clk 0:12:09]} 36. Kc4
{[%clk 0:02:22]} Rxf3 {[%clk 0:11:36]} 37. Kb5 {[%clk 0:02:47]} Rf2
{[%clk 0:05:11]} 38. Rxf2 {[%clk 0:02:10]} Bxf2 {[%clk 0:05:39]} 39. a5
{[%clk 0:01:58]} f5 {[%clk 0:06:03]} 40. b4 {[%clk 0:31:54]} Kf6 {[%clk 0:36:19]}
41. Kc4 {[%clk 0:28:15]} e4 {[%clk 0:36:06]} 42. Bb3 {[%clk 0:26:49]} g5 0-1

[Event "Open A"]
[Site "Polanica-Zdroj"]
[Date "2017.08.19"]
[Round "9.3"]
[White "Kucza, Karol"]
[Black "Psyk, Radoslaw"]
[Result "1-0"]
[BlackElo "2132"]
[WhiteElo "2320"]
[LiveChessVersion "1.4.8"]

1. e4 {[%clk 1:30:58]} c5 {[%clk 1:30:49]} 2. Nf3 {[%clk 1:31:20]} e6
{[%clk 1:31:18]} 3. d4 {[%clk 1:31:42]} cxd4 {[%clk 1:31:45]} 4. Nxd4
{[%clk 1:32:05]} a6 {[%clk 1:32:07]} 5. Bd3 {[%clk 1:32:29]} Nf6 {[%clk 1:32:32]}
6. O-O {[%clk 1:32:52]} d6 {[%clk 1:33:00]} 7. c4 {[%clk 1:32:16]} g6
{[%clk 1:33:23]} 8. Nc3 {[%clk 1:32:23]} Bg7 {[%clk 1:33:49]} 9. Be2
{[%clk 1:32:45]} O-O {[%clk 1:28:34]} 10. Bg5 {[%clk 1:33:07]} Qc7
{[%clk 1:25:36]} 11. Qd2 {[%clk 1:30:06]} Nbd7 {[%clk 1:20:04]} 12. Nb3
{[%clk 1:30:25]} Re8 {[%clk 0:56:38]} 13. Rfd1 {[%clk 1:25:49]} Bf8
{[%clk 0:56:57]} 14. Qf4 {[%clk 1:18:08]} Be7 {[%clk 0:47:24]} 15. c5
{[%clk 1:12:34]} e5 {[%clk 0:47:33]} 16. Qh4 {[%clk 0:29:02]} h6 {[%clk 0:40:58]}
17. Qxh6 {[%clk 0:29:30]} dxc5 {[%clk 0:40:52]} 18. Bc4 {[%clk 0:28:55]} Nf8
{[%clk 0:40:12]} 19. Bxf6 {[%clk 0:28:08]} Bxf6 {[%clk 0:40:40]} 20. Nd5
{[%clk 0:28:29]} Qc6 {[%clk 0:39:39]} 21. Nxf6+ {[%clk 0:18:04]} Qxf6
{[%clk 0:39:07]} 22. Nxc5 {[%clk 0:18:23]} Bg4 {[%clk 0:35:57]} 23. Rdc1
{[%clk 0:18:15]} Qb6 {[%clk 0:26:42]} 24. Bd5 {[%clk 0:16:57]} Rac8
{[%clk 0:26:41]} 25. Qe3 {[%clk 0:16:26]} Qxb2 {[%clk 0:20:29]} 26. Rab1
{[%clk 0:14:46]} Qd4 {[%clk 0:20:57]} 27. Qxd4 {[%clk 0:12:50]} exd4
{[%clk 0:21:24]} 28. Bxb7 {[%clk 0:12:27]} Rc7 {[%clk 0:19:46]} 29. f3
{[%clk 0:07:53]} Bc8 {[%clk 0:15:47]} 30. Bd5 {[%clk 0:08:04]} Kg7
{[%clk 0:10:12]} 31. Nb3 {[%clk 0:07:42]} Rxc1+ {[%clk 0:10:22]} 32. Rxc1
{[%clk 0:08:11]} Ne6 {[%clk 0:09:33]} 33. Rd1 {[%clk 0:07:30]} Rd8
{[%clk 0:07:45]} 34. Bxe6 {[%clk 0:05:25]} Bxe6 {[%clk 0:08:07]} 35. Nxd4
{[%clk 0:05:50]} Kg8 {[%clk 0:07:08]} 36. Rd2 {[%clk 0:06:15]} a5
{[%clk 0:04:34]} 37. Kf2 {[%clk 0:06:39]} a4 {[%clk 0:04:45]} 38. Ke3
{[%clk 0:07:03]} Bc4 {[%clk 0:04:49]} 39. Rc2 {[%clk 0:06:36]} Bf1
{[%clk 0:05:09]} 40. g3 {[%clk 0:33:32]} Rb8 {[%clk 0:35:10]} 41. Nc6
{[%clk 0:28:28]} Rb1 {[%clk 0:35:11]} 42. Ne5 {[%clk 0:25:31]} Ra1
{[%clk 0:29:42]} 43. Kd2 {[%clk 0:16:40]} Bh3 {[%clk 0:24:16]} 44. g4
{[%clk 0:16:05]} g5 {[%clk 0:24:45]} 45. Nd3 {[%clk 0:13:41]} Kg7
{[%clk 0:22:12]} 46. Nc5 {[%clk 0:12:39]} a3 {[%clk 0:22:19]} 47. Nb3
{[%clk 0:12:50]} Rb1 {[%clk 0:22:19]} 48. Nd4 {[%clk 0:13:01]} Kf6
{[%clk 0:21:56]} 49. Rc3 {[%clk 0:10:43]} Ke5 {[%clk 0:20:49]} 50. Nc2
{[%clk 0:09:22]} Rh1 {[%clk 0:19:18]} 51. f4+ {[%clk 0:09:31]} Kxf4
{[%clk 0:19:15]} 52. Rxh3 {[%clk 0:09:55]} Kxg4 {[%clk 0:19:40]} 53. Rh7 Rb1
{[%clk 0:19:49]} 54. Rxf7 {[%clk 0:07:25]} Rb2 {[%clk 0:20:17]} 55. e5
{[%clk 0:07:28]} Kh5 {[%clk 0:18:46]} 56. e6 {[%clk 0:07:20]} Kg6
{[%clk 0:19:14]} 57. Rf3 {[%clk 0:07:09]} 1-0